[Event "HUN-chT2 Maroczy 1516"]
[Site "Hungary"]
[Date "2016.02.28"]
[Round "6.3"]
[White "Horvath, Andras"]
[Black "Nemeth, Zoltan"]
[Result "0-1"]
[WhiteElo "2288"]
[BlackElo "2296"]
[PlyCount "58"]
[EventDate "2015.10.18"]
[EventType "team-tourn"]
[EventRounds "9"]
[EventCountry "HUN"]
[SourceTitle "EXT 2017"]
[Source "ChessBase"]
[SourceDate "2016.10.25"]
[SourceVersion "1"]
[SourceVersionDate "2016.10.25"]
[SourceQuality "1"]
[WhiteTeam "MLTC"]
[BlackTeam "Magyar Sakkvilag"]
[WhiteTeamCountry "HUN"]
[BlackTeamCountry "HUN"]

1. d4 d5 2. c4 c6 3. Nc3 Nf6 4. e3 e6 5. Nf3 Nbd7 6. Qc2 Bd6 7. g4 Nxg4 8. Rg1 h5 9. h3 Nh6 10. Bd2 Kf8 11. e4 dxe4 12. Nxe4 Qc7 13. Bd3 b6 14. Bc3 Bf4 15. d5 e5 16. dxc6 Qxc6 17. Bb4+ Kg8 18. Ng3 Nf6 19. Nxh5 Nf5 20. Nxf6+ Qxf6 21. Be4 Rb8 22. Rd1 Rxh3 23. Qa4 Be6 24. Qxa7 Rc8 25. Qxb6 Nh4 26. Nxh4 Qxh4 27. Rd3 Bh2 28. Rxh3 Qxe4+ 29. Kd2 Bxg1 0-1

[Event "HUN-chT 1415"]
[Site "Hungary"]
[Date "2015.03.01"]
[Round "7.2"]
[White "Videki, Sandor"]
[Black "Horvath, Andras"]
[Result "1/2-1/2"]
[WhiteElo "2380"]
[BlackElo "2347"]
[PlyCount "85"]
[EventDate "2014.10.12"]
[EventType "team-tourn"]
[EventRounds "9"]
[EventCountry "HUN"]
[SourceTitle "EXT 2016"]
[Source "ChessBase"]
[SourceDate "2015.10.08"]
[SourceVersion "1"]
[SourceVersionDate "2015.10.08"]
[SourceQuality "1"]
[WhiteTeam "Paks"]
[BlackTeam "MLTC"]
[WhiteTeamCountry "HUN"]
[BlackTeamCountry "HUN"]

1. c4 e5 2. g3 Nf6 3. Bg2 c6 4. d4 exd4 5. Qxd4 d5 6. Nf3 Be7 7. cxd5 cxd5 8. 0-0 Nc6 9. Qa4 0-0 10. Nc3 Qb6 11. e3 Rd8 12. Rd1 Bf5 13. Qb5 Qxb5 14. Nxb5 Rac8 15. Nfd4 Bg6 16. Bh3 Nxd4 17. Nxd4 Rc7 18. Bd2 Ne4 19. Ba5 b6 20. Be1 Bf6 21. Rac1 Rxc1 22. Rxc1 Ng5 23. Bg2 Bxd4 24. exd4 Be4 25. Bd2 Nf3+ 26. Bxf3 Bxf3 27. Rc7 Ra8 28. h3 h6 29. Kh2 a6 30. Rc3 Be4 31. Rc6 Bb1 32. a4 Rb8 33. Bf4 Rb7 34. Bc7 Bf5 35. b3 Bd7 36. Rc1 Be6 37. g4 Bd7 38. Kg3 a5 39. Bf4 b5 40. Rc5 bxa4 41. bxa4 Rb3+ 42. Be3 Bxa4 43. Rxa5 1/2-1/2

[Event "HUN-chT 1415"]
[Site "Hungary"]
[Date "2015.01.25"]
[Round "5.3"]
[White "Horvath, Andras"]
[Black "Lakos, Nikoletta"]
[Result "1/2-1/2"]
[WhiteElo "2347"]
[BlackElo "2291"]
[PlyCount "39"]
[EventDate "2014.10.12"]
[EventType "team-tourn"]
[EventRounds "9"]
[EventCountry "HUN"]
[SourceTitle "EXT 2016"]
[Source "ChessBase"]
[SourceDate "2015.10.08"]
[SourceVersion "1"]
[SourceVersionDate "2015.10.08"]
[SourceQuality "1"]
[WhiteTeam "MLTC"]
[BlackTeam "HVSE Infraplan"]
[WhiteTeamCountry "HUN"]
[BlackTeamCountry "HUN"]

1. Nf3 d5 2. g3 Bg4 3. Bg2 c6 4. Ne5 Bf5 5. d4 Nd7 6. Nxd7 Qxd7 7. Nd2 Bh3 8. Bxh3 Qxh3 9. Nf3 Nf6 10. Qd3 g6 11. Qb3 Qc8 12. Bf4 Bg7 13. Be5 0-0 14. 0-0 Ne4 15. Bxg7 Kxg7 16. c4 e6 17. Qe3 Qc7 18. Rac1 a5 19. Kg2 a4 20. h4 1/2-1/2

[Event "HUN-chT2 Maroczy 1314"]
[Site "Hungary"]
[Date "2014.04.13"]
[Round "10"]
[White "Szeberenyi, Adam"]
[Black "Horvath, Andras"]
[Result "1/2-1/2"]
[WhiteElo "2320"]
[BlackElo "2360"]
[PlyCount "92"]
[EventDate "2013.09.08"]
[EventType "team-tourn"]
[EventRounds "11"]
[EventCountry "HUN"]
[SourceTitle "EXT 2016"]
[Source "ChessBase"]
[SourceDate "2015.10.08"]
[SourceVersion "1"]
[SourceVersionDate "2015.10.08"]
[SourceQuality "1"]
[WhiteTeam "Penzugyor II"]
[BlackTeam "Budapest MLTC II"]
[WhiteTeamCountry "HUN"]
[BlackTeamCountry "HUN"]

1. d4 Nf6 2. c4 e6 3. Nf3 b6 4. a3 Bb7 5. Nc3 d5 6. Bg5 Be7 7. Bxf6 Bxf6 8. cxd5 exd5 9. Qb3 0-0 10. Rd1 Qd6 11. e3 a6 12. Bd3 Nd7 13. 0-0 g6 14. Bb1 Bg7 15. Ba2 Nf6 16. Ne5 Rad8 17. f4 Bc8 18. e4 Be6 19. f5 gxf5 20. exf5 Bc8 21. g4 h6 22. h4 c5 23. g5 hxg5 24. hxg5 cxd4 25. gxf6 Qxf6 26. Nxd5 Qg5+ 27. Kh1 Bb7 28. Qf3 Qh4+ 29. Kg2 Bxd5 30. Bxd5 Bxe5 31. Rh1 Qg5+ 32. Kf1 Bg7 33. Rg1 Qf6 34. Rd2 Rc8 35. Rg6 Rc1+ 36. Kg2 Qh4 37. Rd1 Rxd1 38. Qxd1 Rd8 39. f6 Rxd5 40. Rxg7+ Kf8 41. Qf3 Qh5 42. Rg4 Qf5 43. Rf4 Qg6+ 44. Rg4 Qf5 45. Rf4 Qg6+ 46. Rg4 Qf5 1/2-1/2

[Event "HUN-chT 1314"]
[Site "Hungary"]
[Date "2014.03.02"]
[Round "6"]
[White "Juhasz, Armin"]
[Black "Horvath, Andras"]
[Result "1/2-1/2"]
[WhiteElo "2233"]
[BlackElo "2360"]
[PlyCount "108"]
[EventDate "2013.09.08"]
[EventType "team-tourn"]
[EventRounds "9"]
[EventCountry "HUN"]
[SourceTitle "EXT 2015"]
[Source "ChessBase"]
[SourceDate "2014.11.20"]
[SourceVersion "1"]
[SourceVersionDate "2014.11.20"]
[SourceQuality "1"]
[WhiteTeam "Budapest Titanok"]
[BlackTeam "MLTC"]
[WhiteTeamCountry "HUN"]
[BlackTeamCountry "HUN"]

1. d4 Nf6 2. c4 e6 3. Nc3 Bb4 4. Qc2 d5 5. a3 Bxc3+ 6. Qxc3 Ne4 7. Qc2 c5 8. dxc5 Nc6 9. e3 Qa5+ 10. Bd2 Qxc5 11. b4 Qe7 12. Nf3 Nxd2 13. Qxd2 dxc4 14. Bxc4 0-0 15. 0-0 e5 16. Bb5 Bg4 17. Bxc6 bxc6 18. Ne1 Rfd8 19. Qb2 c5 20. bxc5 Qxc5 21. Rc1 Qb6 22. Qxb6 axb6 23. f3 Be6 24. Rc3 Rdc8 25. Rxc8+ Rxc8 26. Nd3 Rc3 27. Rd1 f6 28. Nb4 Rxa3 29. Rd6 Kf7 30. Rxb6 Rb3 31. Rb7+ Kg6 32. e4 Bc4 33. Rb8 h5 34. h4 Rb2 35. Rb6 Rb3 36. Rb7 Rb1+ 37. Kf2 Rb2+ 38. Kg1 Kh6 39. Rb6 Rb3 40. Kf2 Rb2+ 41. Kg1 Rb3 42. Kf2 Kg6 43. Rb7 Kh7 44. Kg1 Kg8 45. Kf2 g6 46. Rb8+ Kf7 47. Rb7+ Kg8 48. Rb8+ Kg7 49. Rb7+ Bf7 50. Rb8 Bc4 51. Rb7+ Kh6 52. Rb6 Rb2+ 53. Kg1 Rb3 54. Kf2 Rb2+ 1/2-1/2

[Event "HUN-chT2 Maroczy 1314"]
[Site "Hungary"]
[Date "2013.09.08"]
[Round "1"]
[White "Krizsany, Laszlo"]
[Black "Horvath, Andras"]
[Result "1/2-1/2"]
[WhiteElo "2445"]
[BlackElo "2360"]
[PlyCount "45"]
[EventDate "2013.09.08"]
[EventType "team-tourn"]
[EventRounds "11"]
[EventCountry "HUN"]
[SourceTitle "EXT 2016"]
[Source "ChessBase"]
[SourceDate "2015.10.08"]
[SourceVersion "1"]
[SourceVersionDate "2015.10.08"]
[SourceQuality "1"]
[WhiteTeam "Budapest Kobanya"]
[BlackTeam "Budapest MLTC II"]
[WhiteTeamCountry "HUN"]
[BlackTeamCountry "HUN"]

1. d4 Nf6 2. c4 e6 3. Nf3 b6 4. g3 Ba6 5. b3 Bb4+ 6. Bd2 Be7 7. Bg2 0-0 8. 0-0 Bb7 9. Nc3 d5 10. cxd5 exd5 11. Bf4 c6 12. Ne5 Nbd7 13. Rc1 Nxe5 14. Bxe5 Re8 15. Qd3 Qd7 16. h3 Rad8 17. Rfd1 Qe6 18. Kh2 Bd6 19. Bxd6 Rxd6 20. e3 h5 21. Qe2 Qf5 22. Kg1 Bc8 23. b4 1/2-1/2

[Event "HUN-chT 1213"]
[Site "Hungary"]
[Date "2013.04.21"]
[Round "9"]
[White "Horvath, Andras"]
[Black "Dudas, Eszter"]
[Result "1-0"]
[WhiteElo "2325"]
[BlackElo "2253"]
[PlyCount "58"]
[EventDate "2012.09.16"]
[EventType "team-tourn"]
[EventRounds "9"]
[EventCountry "HUN"]
[SourceTitle "EXT 2014"]
[Source "ChessBase"]
[SourceDate "2013.11.20"]
[SourceVersion "1"]
[SourceVersionDate "2013.11.20"]
[SourceQuality "1"]
[WhiteTeam "MLTC"]
[BlackTeam "Paks"]
[WhiteTeamCountry "HUN"]
[BlackTeamCountry "HUN"]

1. d4 d5 2. c4 c6 3. Nc3 Nf6 4. e3 e6 5. Nf3 Be7 6. Bd3 dxc4 7. Bxc4 a6 8. 0-0 b5 9. Bd3 Nbd7 10. e4 b4 11. Na4 Bb7 12. Qc2 c5 13. dxc5 Nxc5 14. Nxc5 Bxc5 15. Bb5+ Nd7 16. Ba4 Qc7 17. Rd1 Bc6 18. Bf4 Qb6 19. Bxc6 Qxc6 20. Rac1 Qb6 21. Qd2 Nf6 22. Qc2 Be7 23. Be3 Qb7 24. Qa4+ Qb5 25. Qxb5+ axb5 26. Bc5 Nxe4 27. Bxe7 Kxe7 28. Rc7+ Kf6 29. Rd4 Kf5 1-0

[Event "HUN-chT2 Charousek 1213"]
[Site "Hungary"]
[Date "2013.01.27"]
[Round "6"]
[White "Horvath, Andras"]
[Black "Gjuran, Denis"]
[Result "1/2-1/2"]
[WhiteElo "2325"]
[BlackElo "2336"]
[PlyCount "34"]
[EventDate "2012.09.16"]
[EventType "team-tourn"]
[EventRounds "11"]
[EventCountry "HUN"]
[SourceTitle "EXT 2014"]
[Source "ChessBase"]
[SourceDate "2013.11.20"]
[SourceVersion "1"]
[SourceVersionDate "2013.11.20"]
[SourceQuality "1"]
[WhiteTeam "MLTC II"]
[BlackTeam "Alsoszolnok"]
[WhiteTeamCountry "HUN"]
[BlackTeamCountry "HUN"]

1. d4 d5 2. c4 c6 3. Nc3 Nf6 4. e3 e6 5. Nf3 Nbd7 6. Qc2 Bd6 7. Bd3 0-0 8. 0-0 dxc4 9. Bxc4 b5 10. Bd3 Bb7 11. e4 e5 12. dxe5 Nxe5 13. Nxe5 Bxe5 14. h3 Re8 15. Be3 Qe7 16. Rae1 h6 17. a3 a6 1/2-1/2

[Event "HUN-chT2 Charousek 1213"]
[Site "Hungary"]
[Date "2012.12.02"]
[Round "5"]
[White "Orso, Miklos"]
[Black "Horvath, Andras"]
[Result "1/2-1/2"]
[WhiteElo "2351"]
[BlackElo "2325"]
[PlyCount "54"]
[EventDate "2012.09.16"]
[EventType "team-tourn"]
[EventRounds "11"]
[EventCountry "HUN"]
[SourceTitle "EXT 2014"]
[Source "ChessBase"]
[SourceDate "2013.11.20"]
[SourceVersion "1"]
[SourceVersionDate "2013.11.20"]
[SourceQuality "1"]
[WhiteTeam "Aquaprofit II"]
[BlackTeam "MLTC II"]
[WhiteTeamCountry "HUN"]
[BlackTeamCountry "HUN"]

1. d4 Nf6 2. c4 e6 3. Nf3 b6 4. Nc3 Bb7 5. g3 Bb4 6. Bd2 0-0 7. Bg2 c5 8. 0-0 cxd4 9. Nb5 Be7 10. Nbxd4 d6 11. Rc1 Nbd7 12. b3 a6 13. Qc2 Qc7 14. Rfd1 Rfe8 15. Qb1 Ne4 16. Be1 Rac8 17. Nc2 Bf6 18. Ne3 g6 19. Nd4 Nec5 20. f3 Bg7 21. b4 e5 22. Nb3 Na4 23. Nd5 Bxd5 24. cxd5 Qb7 25. e4 Bh6 26. Bd2 Rxc1 27. Rxc1 Bxd2 1/2-1/2

[Event "HUN-chT2 Charousek 1213"]
[Site "Hungary"]
[Date "2012.11.04"]
[Round "3"]
[White "Trbojevic, Mladen"]
[Black "Horvath, Andras"]
[Result "0-1"]
[WhiteElo "2329"]
[BlackElo "2325"]
[PlyCount "156"]
[EventDate "2012.09.16"]
[EventType "team-tourn"]
[EventRounds "11"]
[EventCountry "HUN"]
[SourceTitle "EXT 2014"]
[Source "ChessBase"]
[SourceDate "2013.11.20"]
[SourceVersion "1"]
[SourceVersionDate "2013.11.20"]
[SourceQuality "1"]
[WhiteTeam "Haladas II"]
[BlackTeam "MLTC II"]
[WhiteTeamCountry "HUN"]
[BlackTeamCountry "HUN"]

1. e4 e5 2. Nf3 Nc6 3. Bb5 a6 4. Ba4 Nf6 5. 0-0 Be7 6. Qe2 b5 7. Bb3 0-0 8. c3 Bb7 9. d4 d6 10. Rd1 Nd7 11. Nbd2 Bf6 12. dxe5 Ncxe5 13. Nxe5 dxe5 14. Nf1 Qe7 15. Ne3 Nc5 16. Nf5 Qe8 17. Bd5 Bxd5 18. exd5 g6 19. Be3 Nb7 20. Ng3 Bg7 21. Ne4 Qe7 22. b4 Rfe8 23. c4 Qxb4 24. Rab1 Qa4 25. Nc3 Qa5 26. Qc2 Nd6 27. c5 Nc4 28. Bc1 Rad8 29. a4 e4 30. Nxe4 Rxd5 31. Bf4 Na3 32. Qe2 Rxd1+ 33. Rxd1 Rf8 34. axb5 Nxb5 35. Qc4 Nd4 36. Bd2 Qb5 37. Qd5 Qb3 38. Qxb3 Nxb3 39. Bf4 f5 40. Ng5 Nxc5 41. Be3 Ne4 42. Ne6 Rb8 43. Nxc7 Nc3 44. Nxa6 Ra8 45. Rd6 f4 46. Bxf4 Ne2+ 47. Kf1 Nxf4 48. g3 Bf8 49. Rc6 Nd5 50. h4 Kf7 51. Kg2 Ke8 52. Nc5 Nb4 53. Rc7 Bxc5 54. Rxc5 Ra2 55. Rc7 h5 56. Rg7 Ra6 57. f3 Kf8 58. Rd7 Nc6 59. Rd6 Ra2+ 60. Kh3 Ne5 61. g4 Ke7 62. Rb6 Ra3 63. Kg2 Nxf3 64. gxh5 Nxh4+ 65. Kf2 g5 66. Rb5 Kf6 67. Rb6+ Kg7 68. Re6 Rf3+ 69. Kg1 Rf6 70. Re8 Rf3 71. Kh2 Nf5 72. Kg2 Rg3+ 73. Kh2 Rg4 74. Kh3 Rh4+ 75. Kg2 Rxh5 76. Kf3 Rh4 77. Re5 Rf4+ 78. Kg2 Kg6 0-1

[Event "HUN-chT2 Charousek 1112"]
[Site "Hungary"]
[Date "2012.03.25"]
[Round "8"]
[White "Horvath, Andras"]
[Black "Emodi, Gyula"]
[Result "1-0"]
[WhiteElo "2308"]
[BlackElo "2254"]
[PlyCount "111"]
[EventDate "2011.09.25"]
[EventType "team-tourn"]
[EventRounds "11"]
[EventCountry "HUN"]
[SourceTitle "EXT 2013"]
[Source "ChessBase"]
[SourceDate "2012.11.22"]
[SourceVersion "1"]
[SourceVersionDate "2012.11.22"]
[SourceQuality "1"]
[WhiteTeam "MLTC II"]
[BlackTeam "Penzugyor II"]
[WhiteTeamCountry "HUN"]
[BlackTeamCountry "HUN"]

1. e4 e5 2. Nf3 Nc6 3. Bc4 Nf6 4. d4 exd4 5. e5 d5 6. Bb5 Ne4 7. Nxd4 Bc5 8. 0-0 0-0 9. Bxc6 bxc6 10. Be3 Ba6 11. Re1 Qh4 12. f3 Bxd4 13. Bxd4 Ng5 14. Nc3 Rfe8 15. Bf2 Qf4 16. Be3 Qf5 17. f4 Ne4 18. Nxe4 dxe4 19. Qd2 Re6 20. Rad1 h5 21. Qa5 c5 22. Qxc7 Kh7 23. Rd6 Rae8 24. h3 Bc8 25. Qxc5 Rg6 26. Rxg6 Qxg6 27. Kh2 Be6 28. Qxa7 Rc8 29. c3 h4 30. Bf2 Rd8 31. Qe3 Bf5 32. Bxh4 Rd3 33. Qf2 Qe6 34. Re3 Qxa2 35. Rxd3 exd3 36. Qd2 Qb1 37. Bf2 Qf1 38. Be3 Be4 39. b4 Bd5 40. b5 Kg6 41. g4 f5 42. exf6 Kxf6 43. Kg3 Qf3+ 44. Kh4 Bc4 45. Bd4+ Kf7 46. b6 g6 47. Qe3 Qg2 48. Bc5 Qb7 49. Qd4 Ba6 50. Qd6 Qc8 51. Qe7+ Kg8 52. Bd4 Qf8 53. Qxf8+ Kxf8 54. Be3 Kf7 55. Kg5 Bb7 56. f5 1-0

[Event "HUN-chT2 Charousek 1112"]
[Site "Hungary"]
[Date "2012.03.11"]
[Round "7"]
[White "Forgacs, Attila"]
[Black "Horvath, Andras"]
[Result "0-1"]
[WhiteElo "2235"]
[BlackElo "2308"]
[PlyCount "64"]
[EventDate "2011.09.25"]
[EventType "team-tourn"]
[EventRounds "11"]
[EventCountry "HUN"]
[SourceTitle "EXT 2013"]
[Source "ChessBase"]
[SourceDate "2012.11.22"]
[SourceVersion "1"]
[SourceVersionDate "2012.11.22"]
[SourceQuality "1"]
[WhiteTeam "Balatonfuered"]
[BlackTeam "MLTC II"]
[WhiteTeamCountry "HUN"]
[BlackTeamCountry "HUN"]

1. e4 c5 2. Nf3 d6 3. d4 cxd4 4. Nxd4 Nf6 5. Nc3 a6 6. Be3 e6 7. f3 b5 8. Qd2 Nbd7 9. g4 h6 10. 0-0-0 Bb7 11. h4 b4 12. Na4 Qa5 13. b3 Nc5 14. a3 Rc8 15. Qxb4 Qc7 16. Bc4 Nfd7 17. Ne2 a5 18. Qb5 Bc6 19. Nxc5 Nxc5 20. Bxc5 Bxb5 21. Bxb5+ Kd8 22. b4 axb4 23. axb4 Qb7 24. Ba4 Kc7 25. Rd3 Be7 26. Nc3 Rhd8 27. Nb5+ Kb8 28. Be3 Rc4 29. c3 Qa6 30. Ba7+ Kb7 31. Na3 Qxa4 32. Nxc4 Qa1+ 0-1

[Event "HUN-chT2 Maroczy 1011"]
[Site "Hungary"]
[Date "2011.04.10"]
[Round "8"]
[White "Doros, Radu Marian"]
[Black "Horvath, Andras"]
[Result "1-0"]
[WhiteElo "2350"]
[BlackElo "2287"]
[PlyCount "87"]
[EventDate "2010.09.12"]
[EventType "team-tourn"]
[EventRounds "11"]
[EventCountry "HUN"]
[SourceTitle "EXT 2012"]
[Source "ChessBase"]
[SourceDate "2011.11.24"]
[SourceVersion "1"]
[SourceVersionDate "2011.11.24"]
[SourceQuality "1"]
[WhiteTeam "Nyiregyhaza"]
[BlackTeam "MLTC II"]
[WhiteTeamCountry "HUN"]
[BlackTeamCountry "HUN"]

1. d4 Nf6 2. c4 e6 3. Nc3 Bb4 4. Nf3 b6 5. Qb3 Bxc3+ 6. Qxc3 Ne4 7. Qc2 Bb7 8. Nd2 f5 9. Nxe4 Bxe4 10. Qc3 0-0 11. f3 Bb7 12. Bf4 d6 13. 0-0-0 Nd7 14. e3 Qe7 15. Bg3 Rad8 16. Bd3 Kh8 17. Rhe1 a5 18. Kb1 e5 19. Bc2 e4 20. f4 c6 21. Ba4 Rc8 22. Qa3 Ba6 23. Rc1 c5 24. d5 Rb8 25. Bc6 Rfc8 26. h3 Rc7 27. Qc3 Qf6 28. Qd2 Ra7 29. a4 Nf8 30. Rg1 Bc8 31. Be1 h5 32. Qe2 Qf7 33. Qf2 Nh7 34. Qh4 Bd7 35. g4 fxg4 36. Bxd7 Rxd7 37. hxg4 hxg4 38. Rh1 Qf5 39. Bc3 Kg8 40. Rcg1 Rf8 41. Rxg4 Re8 42. Qg3 Ree7 43. Rgh4 Nf6 44. Qg5 1-0

[Event "HUN-chT2 Maroczy 1011"]
[Site "Hungary"]
[Date "2010.10.10"]
[Round "3"]
[White "Sarosi, Zoltan"]
[Black "Horvath, Andras"]
[Result "0-1"]
[WhiteElo "2320"]
[BlackElo "2287"]
[PlyCount "152"]
[EventDate "2010.09.12"]
[EventType "team-tourn"]
[EventRounds "11"]
[EventCountry "HUN"]
[SourceTitle "EXT 2012"]
[Source "ChessBase"]
[SourceDate "2011.11.24"]
[SourceVersion "1"]
[SourceVersionDate "2011.11.24"]
[SourceQuality "1"]
[WhiteTeam "TLSE"]
[BlackTeam "MLTC II"]
[WhiteTeamCountry "HUN"]
[BlackTeamCountry "HUN"]

1. d4 Nf6 2. c4 e6 3. Nf3 b6 4. g3 Ba6 5. b3 Bb4+ 6. Bd2 Be7 7. Bg2 0-0 8. 0-0 d5 9. Ne5 Bb7 10. Nc3 Nbd7 11. Bf4 a6 12. cxd5 exd5 13. Qd3 Re8 14. Rfd1 Bd6 15. Nxd7 Qxd7 16. Bxd6 Qxd6 17. Rac1 Re7 18. e3 Rae8 19. Rc2 h5 20. Qf5 Rd8 21. Qf4 Qe6 22. Na4 Ne8 23. Rdc1 Rd6 24. Nb2 Qg6 25. Bf1 Rf6 26. Bd3 Qh6 27. Qxh6 Rxh6 28. h4 Rd6 29. Be2 g6 30. Nd3 Kg7 31. b4 Ree6 32. Nf4 Re7 33. Rc3 Rd8 34. Bd1 Rdd7 35. Ba4 b5 36. Bb3 Rd8 37. Nd3 f6 38. Bd1 Rd6 39. Nf4 Rdd7 40. Bc2 f5 41. Bb3 c6 42. Nd3 Rd6 43. Ne5 Rc7 44. a4 Nf6 45. f3 Nd7 46. Nd3 Nb6 47. axb5 axb5 48. Ra1 Bc8 49. Rc2 Nc4 50. Bxc4 dxc4 51. Ne5 Be6 52. Kf2 Bd5 53. Ke2 Re6 54. Kd2 Ree7 55. Rc3 Rxe5 56. dxe5 Bxf3 57. e4 Bxe4 58. Ke3 Kf7 59. Kf4 Bd3 60. Rca3 Ke6 61. Ra8 Be4 62. Re8+ Re7 63. Rg8 c3 64. Rxg6+ Kd5 65. g4 hxg4 66. h5 Rh7 67. h6 c2 68. e6 Kc4 69. Kg5 Kc3 70. Kf6 f4 71. Rxg4 Rxh6+ 72. Ke5 Bd5 73. Rxf4 Rxe6+ 74. Kf5 Kb2 75. Rff1 Bb3 76. Kg5 Rd6 0-1

[Event "HUN-chT2 Maroczy 0910"]
[Site "Hungary"]
[Date "2010.05.02"]
[Round "11"]
[White "Boricsev, Oleg"]
[Black "Horvath, Andras"]
[Result "1-0"]
[WhiteElo "2326"]
[BlackElo "2283"]
[PlyCount "120"]
[EventDate "2009.11.08"]
[EventType "team-tourn"]
[EventRounds "11"]
[EventCountry "HUN"]
[SourceTitle "EXT 2011"]
[Source "ChessBase"]
[SourceDate "2010.11.26"]
[SourceVersion "1"]
[SourceVersionDate "2010.11.26"]
[SourceQuality "1"]
[WhiteTeam "Fenstherm"]
[BlackTeam "MLTC II"]
[WhiteTeamCountry "HUN"]
[BlackTeamCountry "HUN"]

1. e4 c5 2. c3 d5 3. exd5 Qxd5 4. d4 Nf6 5. Nf3 Bg4 6. Be2 e6 7. h3 Bh5 8. 0-0 Nc6 9. Na3 cxd4 10. Nb5 Qd7 11. Nbxd4 Nxd4 12. Nxd4 Bxe2 13. Qxe2 Be7 14. Rd1 Qa4 15. b3 Qa5 16. Qb5+ Qxb5 17. Nxb5 0-0 18. c4 a6 19. Nc3 Rac8 20. Bb2 Rc6 21. Rd3 Rfc8 22. Rad1 Kf8 23. Kf1 Ke8 24. Ke2 Bb4 25. a3 Be7 26. g4 g6 27. f4 Rd8 28. Kf3 Rxd3+ 29. Rxd3 Nd7 30. Ne2 Nc5 31. Re3 Rd6 32. Bd4 Rc6 33. b4 Nd7 34. Rc3 Nb6 35. Bxb6 Rxb6 36. c5 Rc6 37. g5 a5 38. Nd4 Rc8 39. Nb5 axb4 40. axb4 Rc6 41. Ra3 Rc8 42. Ra7 Rb8 43. Ke4 Kd7 44. Nd4 Kc7 45. Nb3 f6 46. h4 e5 47. fxe5 fxg5 48. hxg5 Bxg5 49. Nd4 Be7 50. Nb3 h5 51. b5 h4 52. Kd5 h3 53. b6+ Kd8 54. Ra2 g5 55. Nd4 Ke8 56. Ne6 g4 57. Rf2 Kd7 58. Nc7 Rc8 59. e6+ Kd8 60. Rf7 h2 1-0

[Event "HUN-chT2 Maroczy 0910"]
[Site "Hungary"]
[Date "2010.04.11"]
[Round "9"]
[White "Horvath, Andras"]
[Black "Tesik, Csaba"]
[Result "1-0"]
[WhiteElo "2283"]
[BlackElo "2165"]
[PlyCount "113"]
[EventDate "2009.11.08"]
[EventType "team-tourn"]
[EventRounds "11"]
[EventCountry "HUN"]
[SourceTitle "EXT 2011"]
[Source "ChessBase"]
[SourceDate "2010.11.26"]
[SourceVersion "1"]
[SourceVersionDate "2010.11.26"]
[SourceQuality "1"]
[WhiteTeam "MLTC II"]
[BlackTeam "Maroczy"]
[WhiteTeamCountry "HUN"]
[BlackTeamCountry "HUN"]

1. e4 e5 2. Nf3 Nc6 3. Bb5 Nf6 4. 0-0 Bc5 5. c3 0-0 6. d4 Bb6 7. Qd3 d6 8. Bg5 h6 9. Bh4 Bd7 10. Nbd2 a6 11. Bc4 Qe7 12. Rfe1 Rad8 13. a3 Kh8 14. Ba2 g5 15. Bg3 Nh5 16. Nc4 Nxg3 17. hxg3 Ba7 18. Ne3 Rde8 19. Nd5 Qd8 20. Rad1 g4 21. Qe3 Kh7 22. Nh4 f6 23. Nf5 Bxf5 24. exf5 Qd7 25. Qe4 Qg7 26. dxe5 Rxe5 27. Qc2 Rfe8 28. Rxe5 Rxe5 29. Nf4 Qd7 30. Be6 Qd8 31. Ng6 Qe8 32. Nxe5 Nxe5 33. Qe4 Qb5 34. Rd2 Kg7 35. Ba2 c6 36. a4 Qc5 37. Qd4 d5 38. Qxc5 Bxc5 39. b4 Bb6 40. Kf1 Kf7 41. Ke2 Bc7 42. c4 dxc4 43. Bxc4+ Ke7 44. Be6 Bd6 45. Rb2 Kd8 46. f4 gxf3+ 47. gxf3 Nd7 48. Bxd7 Kxd7 49. f4 Kc7 50. Kf3 b6 51. Kg4 a5 52. bxa5 bxa5 53. Kh5 Bc5 54. Kxh6 Bd4 55. Rc2 Kd6 56. g4 Be3 57. Kg6 1-0

[Event "HUN-chT2 Maroczy 0910"]
[Site "Hungary"]
[Date "2010.03.21"]
[Round "8"]
[White "Emodi, Gyula"]
[Black "Horvath, Andras"]
[Result "1/2-1/2"]
[WhiteElo "2282"]
[BlackElo "2283"]
[PlyCount "71"]
[EventDate "2009.11.08"]
[EventType "team-tourn"]
[EventRounds "11"]
[EventCountry "HUN"]
[SourceTitle "EXT 2011"]
[Source "ChessBase"]
[SourceDate "2010.11.26"]
[SourceVersion "1"]
[SourceVersionDate "2010.11.26"]
[SourceQuality "1"]
[WhiteTeam "Penzugyor II"]
[BlackTeam "MLTC II"]
[WhiteTeamCountry "HUN"]
[BlackTeamCountry "HUN"]

1. e4 e5 2. Nf3 Nc6 3. d4 exd4 4. Bb5 a6 5. Ba4 Nf6 6. 0-0 Be7 7. Re1 0-0 8. e5 Ne8 9. Nxd4 Nxd4 10. Qxd4 d5 11. Bb3 c6 12. c4 Nc7 13. cxd5 Nxd5 14. Nc3 Be6 15. Nxd5 Bxd5 16. Bxd5 Qxd5 17. Qxd5 cxd5 18. Be3 Rac8 19. Rac1 Rc6 20. Rxc6 bxc6 21. Rc1 Rc8 22. Bc5 Bg5 23. Rc2 Bf4 24. Bd4 Kf8 25. g3 Bg5 26. f4 Be7 27. Bc5 Bxc5+ 28. Rxc5 Ke7 29. b3 Ke6 30. Kf2 g5 31. Kf3 gxf4 32. Kxf4 f6 33. exf6 Kxf6 34. Ra5 Ra8 35. Rc5 Rc8 36. Ra5 1/2-1/2

[Event "HUN-chT2 Maroczy 0910"]
[Site "Hungary"]
[Date "2010.02.27"]
[Round "5"]
[White "Horvath, Andras"]
[Black "Mozes, Ervin"]
[Result "1/2-1/2"]
[WhiteElo "2283"]
[BlackElo "2288"]
[PlyCount "78"]
[EventDate "2009.11.08"]
[EventType "team-tourn"]
[EventRounds "11"]
[EventCountry "HUN"]
[SourceTitle "EXT 2011"]
[Source "ChessBase"]
[SourceDate "2010.11.26"]
[SourceVersion "1"]
[SourceVersionDate "2010.11.26"]
[SourceQuality "1"]
[WhiteTeam "MLTC II"]
[BlackTeam "Miskolc EMSE"]
[WhiteTeamCountry "HUN"]
[BlackTeamCountry "HUN"]

1. Nf3 f5 2. d4 d6 3. g3 Nf6 4. Bg2 g6 5. 0-0 Bg7 6. c4 0-0 7. Nc3 Nc6 8. d5 Na5 9. Qd3 c5 10. Bd2 a6 11. Ng5 Rb8 12. e4 b5 13. cxb5 axb5 14. Ne6 Bxe6 15. dxe6 fxe4 16. Nxe4 Nc4 17. Bc3 Nxe4 18. Bxe4 Nxb2 19. Bxb2 Bxb2 20. Rab1 Bd4 21. Rxb5 Rxb5 22. Qxb5 d5 23. Bg2 Qd6 24. Qb7 Rd8 25. a4 c4 26. a5 Qc5 27. a6 c3 28. a7 Qxa7 29. Bxd5 Qxb7 30. Bxb7 Kg7 31. Be4 Kf6 32. Re1 Rb8 33. Bc2 Rb6 34. Kg2 Rxe6 35. Rxe6+ Kxe6 36. Kf3 Kf6 37. h4 h6 38. Ke2 g5 39. hxg5+ hxg5 1/2-1/2